000 00751nam a2200253 i 4500
001 447
003 CO-MdBIC
005 20210818123442.0
008 210818t1989 ck a|||| |||| 00| 0 spa d
020 _a958-614-614-6
040 _bspa.
_aCO-MdFUSBC
_cCO-MdFUSB
_dCO-MdFUSBC
_erda
041 _aspa
082 0 4 _aR 986.1 T596x
245 1 0 _aEcología y cultura / Gloria Zea, Dirección del proyecto, Jaime Jaramillo Uribe, Director científico.
_c/
264 1 _aBogotá, Colombia :
_bPlaneta,
_c[1989]
264 4 _c© 1989
300 _a289 Pag.
_c;
336 _2rdacontent
_atexto
_btxt
337 _2rdamedia
_asin mediación
_bn
338 _2rdacarrier
_avolumen
_bnc
653 _aHistoria
_aColombia
942 _cBK
945 _aEstudiante
999 _c31973
_d31973